000 00650nam a2200205Ia 4500
005 20250508170013.0
008 008 250505s9999 xx 000 0 eng d
020 _a978-1-78635-744-1
037 _aReference
040 _aFEDL
_beng
_cFEDL
041 _aeng
_2eng
084 _a371.9, EPL/RR
_qFEDL
100 _aEpler Pam L
_9782682
245 0 _aInstructional strategies in general education and putting the individuals with disabilities act (IDEA) into practice
260 _aHershey, USA
_b IGI Global
_c2018
300 _axviii, 344p.
365 _aUSD
_b175
942 _cREF
_h371.9, EPL/RR
999 _c1398626
_d1398626